Účetnictví pojišťoven. 1.
Úvodný výklad metodiky účtovníctva poisťovní, ktorý obsahuje 7 účtovných tried. Účty a účtovné skupiny, ktoré sú obsiahnuté v účtovných triedach. Úprava účtovníctva poisťovní upravená direktívou č. 91/674 EHS zo dňa 19 dec. 1991. Metodika účtovníctva stanovená opatreniami FMF v súlade s ústavným zák...
Salvato in:
| Autore principale: | |
|---|---|
| Natura: | Capitolo di libro |
| Lingua: | ceco |
| Soggetti: | |
| Tags: |
Nessun Tag, puoi essere il primo ad aggiungerne!!
|
MARC
| LEADER | 00000naa a2200000 4500 | ||
|---|---|---|---|
| 001 | r013196 | ||
| 005 | 20221213083405.0 | ||
| 041 | 0 | |a cze | |
| 044 | |a CZ | ||
| 245 | 1 | 0 | |a Účetnictví pojišťoven. 1. |c J. Huleš |
| 520 | |a Úvodný výklad metodiky účtovníctva poisťovní, ktorý obsahuje 7 účtovných tried. Účty a účtovné skupiny, ktoré sú obsiahnuté v účtovných triedach. Úprava účtovníctva poisťovní upravená direktívou č. 91/674 EHS zo dňa 19 dec. 1991. Metodika účtovníctva stanovená opatreniami FMF v súlade s ústavným zákonom č. 4/1993 Sb. | ||
| 610 | 2 | 0 | |a metodika |
| 610 | 2 | 0 | |a poisťovne |
| 610 | 2 | 0 | |a skupiny účtové |
| 610 | 2 | 0 | |a triedy účtové |
| 610 | 2 | 0 | |a predpisy právne |
| 610 | 2 | 0 | |a účtovníctvo |
| 100 | 1 | |a Huleš, J. | |